Women /

Đã lưu trong:
Chi tiết về thư mục
Tác giả khác: Anderson, Jane (Giám đốc), Heche, Anne (Giám đốc), Coolidge, Martha (Giám đốc), Sichel, Silvia, Redgrave, Vanessa (Người thi hành), Stone, Sharon (Người thi hành), DeGeneres, Ellen (Người thi hành), Sevigny, Chloë (Người thi hành), Sichel, Alex
Định dạng: Slide
Ngôn ngữ:Tiếng Italy
Tiếng Anh
Được phát hành: [Roma] : Mediafilm, [2012?]
Các nhãn: Thêm thẻ
Không có thẻ, Là người đầu tiên thẻ bản ghi này!

MARC

LEADER 00000ngm a22000007i 4500
001 IT\ICCU\URB\0477694
003 ItRI
005 20260124182809.0
008 041005q20122014it |||||||||||||||k|||||c
040 |b ita 
041 7 |a ita  |a eng  |2 ISO-639-2 
082 |a 791.43  |9 CINEMA  |2 23 
100 1 |a Anderson, Jane  |0 IT\ICCU\CFIV\152558  |4 drt 
240 1 0 |a If These Walls Could Talk 2 <film TV ; 2000>  |3 IT\ICCU\UBO\2763608 
245 1 0 |a Women /  |c diretto da Martha Coolidge, Anne Heche, Jane Anderson ; sceneggiatura Sylvia Sichel, Alex Sichel ; musica Basil Poledouris. 
246 1 3 |a Se questi muri potessero parlare.  |9 IT\ICCU\UBO\2763611 
260 |a [Roma] :  |b Mediafilm,  |c [2012?] 
300 |a 1 DVD-Video (96 min.) ;  |c in contenitore, 19 cm 
500 |a Caratteristiche tecniche: regione assente; 16/9; Dolby digital 2.0; color 
500 |a Titolo del contenitore 
500 |a Produzione televisiva USA 2000 
500 |a Interpreti: Sharon Stone, Vanessa Redgrave, Chloe Sevigny, Ellen Degeneres 
500 |a Lingue: italiano, inglese; sottotitoli: italiano 
500 |a Contenuti extra: biografie degli attori 
500 |a Vietato ai minori di 14 anni. 
700 1 |a Heche, Anne  |0 IT\ICCU\UBOV\484254  |4 drt 
700 1 |a Coolidge, Martha  |0 IT\ICCU\UBOV\486895  |4 drt 
700 1 |a Sichel, Silvia  |0 IT\ICCU\MILV\157389 
700 1 |a Poledouris, Basil  |0 IT\ICCU\RAVV\088739  |4 rce 
700 1 |a Redgrave, Vanessa  |0 IT\ICCU\RAVV\089166  |4 prf 
700 1 |a Stone, Sharon  |0 IT\ICCU\RAVV\099466  |4 prf 
700 1 |a DeGeneres, Ellen  |0 IT\ICCU\RAVV\303934  |4 prf 
700 1 |a Sevigny, Chloë  |0 IT\ICCU\UBOV\487772  |4 prf 
700 1 |a Sichel, Alex  |0 IT\ICCU\UBOV\494533 
942 |2 ddc  |c VM  |n 0 
952 |0 0  |1 0  |4 0  |6 VO_1058_000000000000000  |7 0  |9 26414  |a BO  |b BO  |d 2026-01-24  |i 8562  |l 0  |o VO 1058  |p BO8562  |r 2026-01-24 18:28:09  |w 2026-01-24  |x [Sebina 5] [1 dvd]  |y VM  |z 1 dvd 
999 |c 22326  |d 22326